Sociologický slovník /
Guardado en:
| Autor principal: | |
|---|---|
| Formato: | Libro |
| Lenguaje: | checo |
| Publicado: |
Praha :
Victoria Publishing, a.s,
1992
|
| Etiquetas: |
Sin Etiquetas, Sea el primero en etiquetar este registro!
|
MARC
| LEADER | 00000nam a22000003a 4500 | ||
|---|---|---|---|
| 001 | stu27367 | ||
| 005 | 20150617225740.0 | ||
| 008 | 940215s1992----cs------------------cze-d | ||
| 020 | |a 80-85605-28-7 | ||
| 040 | |a STU |b slo | ||
| 041 | 0 | |a cze | |
| 044 | |a cs | ||
| 080 | |a 30(038) | ||
| 100 | 1 | |a Geist, Bohumil |4 aut | |
| 245 | 1 | |a Sociologický slovník / |c [aut]Geist,Bohumil | |
| 260 | |a Praha : |b Victoria Publishing, a.s, |c 1992 | ||
| 300 | |a 647 s | ||
| 996 | |b 284V027155 |c V*41729/O-17750 |l VVT |s A |a 24 |w stu27367_0001 | ||